000 00284nam a2200109 4500
008 160702b xxu||||| |||| 00| 0 eng d
100 _91901
_a Mitra, A
245 _a30 Teenage Stories
260 _aN.D
_b Children Book Trust
_c2003
300 _a30 Teenage Stories
942 _2ddc
_cBK
999 _c1603
_d1603